000 00799nam a2200253 a 4500
001 81631
003 BD-RjUL
005 20230802143817.0
008 230802s2012 enka b 001 0 eng
020 _a9781408229286 (pbk.)
035 _a(BD-RjUL)81631
040 _aDLC
_cDLC
_dDLC
_dBD-RjUL
_beng
041 _aeng
082 0 0 _222
_a346.41048
_bBAI 2012
100 1 _aBainbridge, David I.
_98200
245 1 0 _aIntellectual property /
_cDavid Bainbridge.
250 _a9th ed.
260 _aHarlow, England ;
_aNew York :
_bLongman Pearson,
_c2010.
300 _alxi, 932 p. :
_bill. (chiefly col.) ;
_c25 cm.
504 _aIncludes bibliographical references (p. 913-915) and index.
650 0 _aIntellectual property
_zGreat Britain.
_98201
942 _2ddc
_cBK
999 _c81631
_d81631